000 00637nam a2200217Ii 4500
003 JO-AjNU
008 230606s9999||||xx |||||||||||||| ||und||
020 _a978-0-521-703000
040 _aJO-AjNU
_beng
_erda
_cJO-AjNU
041 _aeng
050 1 4 _aQA76.27.R39.2008
100 3 _aEsteras.Remacha,
_eauthor
_92108
245 0 0 _aInfotech English for computer users
250 _a4 ed
264 3 1 _aCAMBRIDGE UNIVERSITY PRESS:NEW YORK,1994
300 _a160p
336 _atext
_btxt
_2rdacontent
337 _aunmediated
_bn
_2rdamedia
338 _avolume
_bnc
_2rdacarrier
650 4 _aInfotech English for computer users
_92109
999 _aE1107
_c1107
_d1107